000
00337nam a2200133Ia 4500
008
240624s9999 xx 000 0 und d
041
_a
eng
082
_a
658.1 SHA
100
_a
SHARMA MANU
245
_a
MERGERS AND ACUISITIONS AND CORPORATE VA
260
_c
2015
_a
New Delhi
_b
Wiley
300
_a
268 : p. : cm. ; 30
365
_c
RS
_b
33
999
_c
26493
_d
26493